Fragrance: An Innovative Collection of Indian Textile Designs (Record no. 12971)

MARC details
000 -LEADER
fixed length control field 00433nam a22001697a 4500
003 - CONTROL NUMBER IDENTIFIER
control field OSt
008 - FIXED-LENGTH DATA ELEMENTS--GENERAL INFORMATION
fixed length control field 241023b |||||||| |||| 00| 0 eng d
020 ## - INTERNATIONAL STANDARD BOOK NUMBER
International Standard Book Number 978-8190216814
082 ## - DEWEY DECIMAL CLASSIFICATION NUMBER
Classification number 759.54
100 ## - MAIN ENTRY--PERSONAL NAME
Personal name PRIYA, Madhu
245 ## - TITLE STATEMENT
Title Fragrance: An Innovative Collection of Indian Textile Designs
250 ## - EDITION STATEMENT
Edition statement 1st. ed.
260 ## - PUBLICATION, DISTRIBUTION, ETC. (IMPRINT)
Place of publication, distribution, etc Mumbai,
Name of publisher, distributor, etc Honesty Publishers,
Date of publication, distribution, etc 2004,
300 ## - PHYSICAL DESCRIPTION
Extent 176 p.
650 ## - SUBJECT ADDED ENTRY--TOPICAL TERM
Topical term or geographic name as entry element B.FAD.
942 ## - ADDED ENTRY ELEMENTS (KOHA)
Source of classification or shelving scheme Dewey Decimal Classification
Koha item type Reference Books
Holdings
Withdrawn status Lost status Source of classification or shelving scheme Damaged status Not for loan Collection code Home library Current library Date acquired Source of acquisition Currency Cost, normal purchase price Bill Number Total Checkouts Full call number Acc. no. / Barcode Date last seen Actual Cost, discounted price Bill Date Koha item type
    Dewey Decimal Classification     Bachelor of Fashion and Apparel Design PIET NCR College Library PIET NCR College Library 08/10/2024 Pankaj Publication International In Rupees 1950.00 PPI-16   759.54 N3804 23/10/2024 1423.50 08/10/2024 Reference Books

Design & Developed by: PIET Central Library
R70 Miles Stone Pattikalyana Samalkha Panipat 132102
mail ID :- [email protected], Phone No:- 0180-2569700 Ex.216